• 首页
  • 本馆介绍
  • 公告通知
  • 最新文献
  • 馆藏检索
  • 电子资源
  • 读者导购
  • 参考咨询
  • 我的图书馆
  • 登录
  • 详细信息显示
  • 放入我的书架
  • 预约/预借图书
  • 作者相关作品
  • 分类相关作品
  • 丛书相关作品
  • 出版社相关作品

书目信息

  • 表格格式
  • 工作单格式
  • 卡片格式
题名:
共和国第一大将粟裕
    
 
作者: ;中共湖南省委 编著
分册:  
出版信息: 长沙   湖南人民出版社  2008
页数: 14,468页
开本: 24cm
丛书名:
单 册:
中图分类: K825.2=74
科图分类:
主题词:
电子资源:
ISBN: 978-7-5438-5016-3
000 00862nam0 2200229 450
001 1237319171
005 20121014102236.65
010    @a978-7-5438-5016-3@dCNY55.00
100    @a20080612d2008 em y0chiy50 ea
101 0  @achi
102    @aCN@b430000
105    @aa z 000yb
200 1  @a共和国第一大将粟裕@Agong he guo di yi da jiang su yu@f中共湖南省委党史研究室编著
210    @a长沙@c湖南人民出版社@d2008
215    @a14,468页@c照片@d24cm
330    @a本书记述和缅怀了粟裕大将的革命业绩和军事建树,揭示和弘扬了他忠诚勇敢、果决善断、功高不居、坦荡无私的高尚品德,总结了著名无产阶级革命家、军事家的成长与奋斗规律。
600  0 @a粟裕@f(1907~1984)@x传记
600  0 @a粟裕@f(1907~1984)
690    @aK825.2=74@v4
711 02 @a中共湖南省委@Azhong gong hu nan sheng wei@b党史研究室@4编著
801  0 @aCN@bNLC@c20101222
905    @a10447@dK825.2=74@eJY382
    
    共和国第一大将粟裕/中共湖南省委党史研究室编著.-长沙:湖南人民出版社,2008
    14,468页:照片;24cm
    
    
    ISBN 978-7-5438-5016-3:CNY55.00
    本书记述和缅怀了粟裕大将的革命业绩和军事建树,揭示和弘扬了他忠诚勇敢、果决善断、功高不居、坦荡无私的高尚品德,总结了著名无产阶级革命家、军事家的成长与奋斗规律。
●
相关链接 在E读中查询图书 在五车中查询图书 在当当中查询图书 在豆瓣中查询图书


正题名:共和国第一大将粟裕     索取号:K825.2=74/JY382         预约/预借

序号 登录号 条形码 馆藏地/架位号 状态 备注
1 7827980   278279809   学院路分馆/ [索取号:K825.2=74/JY382] 在馆    
2 7827981   278279818   学院路分馆/ [索取号:K825.2=74/JY382] 在馆    
3 7827982   278279827   学院路分馆/ [索取号:K825.2=74/JY382] 在馆    
唐山师范学院图书馆 欢迎您!
大连网信软件有限公司© 版权所有